| 000 | 01189nam a2200277 i 4500 | ||
|---|---|---|---|
| 001 | 167958 | ||
| 003 | ES-MaACL | ||
| 005 | 20250815062653.0 | ||
| 008 | 010927q1901 sp |||| | spa d | ||
| 040 |
_aCCPB | B _bspa _cCCPB | B |
||
| 100 | 1 |
_aWitt, Cornelis Henri de. _9133951 |
|
| 245 | 1 | 0 |
_aHistoria de Washington y de la fundación de la República de los Estados Unidos de América / _cpor Cornelio de Witt ; traducción de Luis de Terán. |
| 260 |
_aMadrid : _bLa España Moderna, _c[1901?] ( _fAvrial Impresor) |
||
| 300 |
_a330 p. ; _c23 cm. |
||
| 490 | 1 |
_aBiblioteca de jurisprudencia, filosofía é historia ; _v364 |
|
| 530 | _aDisponible en formato digital. | ||
| 596 | _aLa España Moderna ejerce entre 1890-1900. | ||
| 600 | 0 | 4 |
_aWashington, George- _xBiografías. _9116147 |
| 651 | 4 |
_aEstados Unidos- _xHistoria- _y1775-1783, Revolución. _98542 |
|
| 700 | 1 |
_aTerán, Luis de, _d1864-1935 _9109725 |
|
| 830 | 0 | 0 |
_aBiblioteca de jurisprudencia, filosofía e historia _v364 _9180691 |
| 852 |
_aES-MaACL _jF-14766 _z-- Rust. |
||
| 856 |
_uhttp://bdh-rd.bne.es/viewer.vm?id=0000225932&page=1 _zBiblioteca Digital Hispánica |
||
| 999 |
_c167958 _d167958 |
||